|
|
|
|
| LEADER |
00000ny a22000003n 4500 |
| 005 |
20110620183753.0 |
| 006 |
m u |
| 007 |
cr cn||||||||| |
| 008 |
200805r20052008sp |||||s|||||||||||spa d |
| 020 |
|
|
|a 9788476987469
|
| 035 |
|
|
|a 1225
|
| 040 |
|
|
|a FlNmELB
|c FlNmELB
|d vlex
|
| 050 |
1 |
4 |
|a JZ6374
|b S669 2005eb
|
| 080 |
|
|
|a 341.68
|
| 090 |
|
|
|c 1341
|d 1341
|
| 100 |
1 |
|
|a Sǹchez, Vc̕tor M.
|
| 245 |
1 |
3 |
|a La potestad coercitiva de las organizaciones regionales para el mantenimiento de la paz
|h [Recurso electrn̤ico]
|b medidas que no implican el uso de la fuerza armada /
|c Vc̕tor M. Sǹchez
|
| 256 |
|
|
|a Servicio en ln̕ea
|
| 260 |
|
|
|a Barcelona :
|b BOSCH EDITOR,
|c 2005
|
| 300 |
|
|
|a [13]-891 p
|
| 506 |
1 |
|
|a Contenido solo disponible en los productos indicados
|d vLex Global
|d vLex Global (Academic Edition, excluding Law Schools)
|d vLex Global (U.S. Academic Edition, Law Schools)
|d vLex Global (U.S. Academic Edition, excluding Law Schools)
|d vLex Global (Academic Edition, Law Schools)
|
| 650 |
0 |
7 |
|a Comunitario
|2 Tesauro vLex
|
| 650 |
0 |
7 |
|a Derecho a la paz
|2 Tesauro vLex
|
| 740 |
0 |
|
|a vLex Libros (Servicios en ln̕ea)
|
| 856 |
4 |
0 |
|z Acceso restringido
|u http://vlex.com/source/potestad-coercitiva-organizaciones-regionales-1225
|
| 942 |
|
|
|c BOOK
|
| 999 |
0 |
|
|a Peace
|b building
|
| 999 |
0 |
|
|a International law
|